Statistics for Largest Cities in Austria

Click here to take the quiz!

General Stats

  • This quiz has been taken 129 times
    (52 since last reset)
  • The average score is 11 of 20

Answer Stats

PopulationStateCity% Correct
1.921.153ViennaVienna
100%
291.130StyriaGraz
98%
206.550Upper AustriaLinz
98%
155.424SalzburgSalzburg
98%
131.042TyrolInnsbruck
94%
101.779CarinthiaKlagenfurt
79%
63.265CarinthiaVillach
67%
55.878Lower AustriaSt. Pölten
65%
29.524VorlarlbergBregenz
63%
46.478Lower AustriaWiener Neustadt
56%
50.253VorarlbergDornbirn
54%
62.662Upper AustriaWels
54%
34.536VorlarlbergFeldkirch
42%
37.968Upper AustriaSteyr
40%
24.841Lower AustriaKrems
35%
25.818Lower AustriaBaden
27%
25.033CarinthiaWolfsberg
23%
27.595Lower AustriaKlosterneuburg
17%
28.943Upper AustriaLeonding
15%
24.829Upper AustriaTraun
10%

Score Distribution

Percentile by Number Answered

Percent of People with Each Score

Your Score History

You have not taken this quiz since the last reset